[Event "Veneto CIS Prom 4 55th"]
[Site "Meledo"]
[Date "2024.03.15"]
[Round "1.3"]
[White "Gomez De Ayala, Paolo"]
[Black "Lovato, Mattia"]
[Result "1/2-1/2"]
[WhiteElo "1891"]
[BlackElo "1702"]
[PlyCount "100"]
[EventDate "2024.03.15"]
[EventType "team-tourn"]
[EventRounds "5"]
[EventCountry "ITA"]
[SourceTitle "EXT 2025"]
[Source "ChessBase"]
[SourceDate "2024.10.14"]
[SourceVersion "1"]
[SourceVersionDate "2024.10.14"]
[SourceQuality "1"]
[WhiteTeam "Santa M.di Sala l'Alfiere"]
[BlackTeam "Meledo Scacchi Berici II"]
[WhiteTeamCountry "ITA"]
[BlackTeamCountry "ITA"]

1. c4 Nf6 2. Nc3 g6 3. d4 Bg7 4. e4 d6 5. h3 0-0 6. Nf3 e5 7. d5 a5 8. Bd3 Na6 9. Be3 Nc5 10. Bc2 h6 11. Qd2 Kh7 12. g4 Nfd7 13. b3 b6 14. 0-0-0 Ba6 15. Rdg1 Qe7 16. h4 Rfb8 17. a4 Rh8 18. Ne2 Nf6 19. Nc3 Nfd7 20. h5 g5 21. Ne1 Bf6 22. Nd3 Nxd3+ 23. Bxd3 Nc5 24. Bxc5 bxc5 25. Ne2 Rhb8 26. Bc2 Bc8 27. Qd1 Kg7 28. Rg3 Bd7 29. Rhg1 Rh8 30. Rf3 Qd8 31. Nc3 Qb8 32. Rgg3 Be7 33. Qd2 Qc8 34. Qe2 f6 35. Rd3 Qb8 36. Nd1 Qb4 37. Ne3 Qa3+ 38. Kd1 Qa1+ 39. Kd2 Qa3 40. Qf3 Qb4+ 41. Ke2 Qb8 42. Nf5+ Bxf5 43. Qxf5 Qe8 44. Qf3 Qd7 45. Qg2 Rhf8 46. Rdf3 Rf7 47. Rf5 Raf8 48. Rgf3 Ra8 49. Qh3 Raf8 50. Qg2 Ra8 1/2-1/2